<?xml version="1.0" encoding="UTF-8"?>
<record
    xmlns:xsi="http://www.w3.org/2001/XMLSchema-instance"
    xsi:schemaLocation="http://www.loc.gov/MARC21/slim http://www.loc.gov/standards/marcxml/schema/MARC21slim.xsd"
    xmlns="http://www.loc.gov/MARC21/slim">

  <leader>01511nam a22001577a 4500</leader>
  <datafield tag="999" ind1=" " ind2=" ">
    <subfield code="c">517572</subfield>
    <subfield code="d">517572</subfield>
  </datafield>
  <controlfield tag="008">210720b           ||||| |||| 00| 0 eng d</controlfield>
  <datafield tag="100" ind1=" " ind2=" ">
    <subfield code="a">Gupta, M.S. and Singh, J.B. </subfield>
    <subfield code="9">26794</subfield>
  </datafield>
  <datafield tag="245" ind1=" " ind2=" ">
    <subfield code="a">Insolvency and bankruptcy code (IBC) in India: Impact on recovery of NPSs by banks</subfield>
  </datafield>
  <datafield tag="260" ind1=" " ind2=" ">
    <subfield code="a">Bihar Journal of Public Administration </subfield>
  </datafield>
  <datafield tag="300" ind1=" " ind2=" ">
    <subfield code="a">17(2), Jul-Dec, 2020: p.605-613</subfield>
  </datafield>
  <datafield tag="520" ind1=" " ind2=" ">
    <subfield code="a">The Insolvency and Bankruptcy Code (May 2016) is a game changer in the resolution of non-performing assets (NPAs)of banks in India because it provides a framework for time-bound insolvency resolution with the objective of promoting entrepreneurship and availability of credit while balancing the interests of all stakeholders. There is a paradigm shift under IBC in which creditors take control of the assets of the defaulting debtors, in contrast to the earlier system in which assets remained in the possession of debtors till resolution or liquidation. The experience so far has been encouraging with IBC regime. India&#x2019;s insolvency resolution score and recovery rate also improved in the World Bank&#x2019;s Ease of Doing Business Index, after the introduction of IBC. Strengthening the infrastructure of insolvency resolution should help reduce the overall time currently being taken for resolution under the IBC. JEL Classification: G00, G33. &#x2013; Reproduced </subfield>
  </datafield>
  <datafield tag="650" ind1=" " ind2=" ">
    <subfield code="a">Bankruptcy, Insolvency, Liquidation.</subfield>
    <subfield code="9">25472</subfield>
  </datafield>
  <datafield tag="773" ind1=" " ind2=" ">
    <subfield code="a">Bihar Journal of Public Administration</subfield>
  </datafield>
  <datafield tag="906" ind1=" " ind2=" ">
    <subfield code="a">BANKRUPTCY - INDIA</subfield>
  </datafield>
  <datafield tag="942" ind1=" " ind2=" ">
    <subfield code="c">AR</subfield>
  </datafield>
  <datafield tag="952" ind1=" " ind2=" ">
    <subfield code="0">0</subfield>
    <subfield code="1">0</subfield>
    <subfield code="2">ddc</subfield>
    <subfield code="4">0</subfield>
    <subfield code="7">0</subfield>
    <subfield code="9">391642</subfield>
    <subfield code="a">IIPA</subfield>
    <subfield code="b">IIPA</subfield>
    <subfield code="d">2021-07-20</subfield>
    <subfield code="h">17(2), Jul-Dec, 2020: p.605-613</subfield>
    <subfield code="p">AR124850</subfield>
    <subfield code="r">2021-07-20</subfield>
    <subfield code="y">AR</subfield>
  </datafield>
</record>
